Royas de la republica argentina y zonas limitrofes /

Guardado en:
Autor Principal: Lindquist Juan Carlos
Formato: Libro
Publicado: Buenos Aires : Inta, 1982
Materias:
Etiquetas: Agregar Etiqueta
Sin Etiquetas, Sea el primero en etiquetar este registro!
LEADER 00465nam a22001575a 4500
001 CEM.cems016691
005 20151110164223.0
008 130507s1982##################000#0#####d
003 CEMS
082 0 4 |a 632 
100 1 |a Lindquist Juan Carlos 
245 1 0 |a Royas de la republica argentina y zonas limitrofes /  |c Juan Carlos Lindquist, 
260 |a Buenos Aires :  |b Inta,  |c 1982 
300 |a 574 p. 
653 |a Royas 
859 |a CEMS  |b BIB. CEMS - Agricultura  |h 632  |i L645  |p A0376.02  |t Ej.1